عرض عادي
عرض مارك
- Barker, D. J. P.
مدخل إسم شخص
001 - رقم الضبط
- حقل الضبط: 17545
003 - معرف رقم الضبط
- حقل الضبط: OSt
005 - تاريخ ووقت أخر عملية
- حقل الضبط: 20121022221946.0
008 - عناصر بيانات ثابتة الطول
- حقل تحكم ثابت الطول: 121022|||a|||||| | ||| d
040 ## - مصدر الفهرسة
- هيئة الفهرسة الأصلية: OSt
- وكالة الكتابة: OSt
100 ## - مدخل -- أسم شخص
- إسم شخص: Barker, D. J. P.
- الشكل الكامل للاسم: (David James Purslove)
670 ## - بيانات المصدر موجوده
- الاستشهاد بالمصدر: Work cat.: (OSt)0: Barker, D. J. P. (David James Purslove), Epidemiology in medical practice /, 1998.
